000 00268nam a2200097Ia 4500
001 1228798
005 20250827093049.0
008 250824s9999 xx 000 0 und d
245 0 _aYÜREĞİM SENİ ÇOK SEVDİ
_cCANAN TAN
260 _bALTIN KİTAPLAR
999 _c1228798
_d1228798